Тарас Шевченко: життя і творчість у документах, фотографіях, ілюстраціях (Запис № 315984)

МАРК-запис
000 -Лідер
fixed length control field 00868nam a22002417a 4500
001 - Контрольний номер
control field 29592
003 - Ідентифікатор контрольного номера
control field UA-OsUOA
005 - Дата та час останнього входження (трансакції)
control field 20200126212859.0
007 - Фіксоване поле фізичного опису
fixed length control field ta
008 - Елементи даних фіксованої довжини – загальна інформація
fixed length control field 20041013b un ||||| |||| 00| 0 ukr d
020 ## - Міжнародний стандартний книжковий номер (ISBN)
Міжнародний стандартний книжковий номер (ISBN) (НП) 5-330-01296-1
040 ## - Джерело каталогізації
Агенція оригінальної каталогізації UA-OsUOA
Мова каталогізації ukr
Агенція, яка здійснювала перезапис UA-OsUOA
Агенція, яка здійснювала модифікацію UA-OsUOA
041 ## - Код мови
Код мови тексту/ звукової доріжки чи окремого заголовка (П) ukr
044 ## - Код країни видавця/ виробника
Код країни видавця/ виробника (П) UA
080 ## - Індекс Універсальної десяткової класифікації
Індекс Універсальної десяткової класифікації (УДК) (НП) 82.09
090 ## - Локальний шифр розміщення
Класифікаційний індекс УДК 82.09
Авторський знак (НП) Ш37
245 ## - Відомості про назву
Назва (НП) Тарас Шевченко: життя і творчість у документах, фотографіях, ілюстраціях
Решта назви (НП) альбом
Дані про відповідальність (НП) упоряд. В. Х. Косян, Г. П. Паламарчук, О. І. Поляничко, К. В. Чумак
260 ## - Публікація, розповсюдження і т.п. (Вихідні дані)
Місце публікації, розповсюдження і т.п. (П) Київ
Ім’я/ наймення видавництва, розповсюджувача і т.п. (П) Радянська школа
Дата публікації, розповсюдження і т.п. (П) 1991
300 ## - Фізичний опис
Обсяг 336 с.
Інші фізичні характеристики (НП) Ілюстрації
650 #7 - Додаткове предметне введення – тематичний термін
Тематичний термін чи географічна назва, як елемент введення (НП) 82 Література. Літературознавство
Джерело заголовка чи терміна UDC
942 ## - Додаткові елементи входу (Коха)
Тип елемента Koha Книги
Source of classification or shelving scheme Universal Decimal Classification
955 ## - Код типу видання за змістом
Код типу видання за змістом (НП) інше
Фонди
Стан вилучень Стан втрат Джерело класифікації або схеми стелажів Стан уражень Не для кредиту Постійне місце розташування Поточне розміщення Дата придбання Вартість, звичайна ціна покупки Інвентарний номер Усього замовленно Повний номер виклику Штрих-код Дата останнього перегляду Ціна ефективна від Тип елемента Koha
    Universal Decimal Classification     ЧЗ - Читальна зала ЧЗ - Читальна зала 13/10/2004 10.00 71597   82.09 Ш37 71597 09/02/2022 13/10/2004 Книги